000 01333am a2200445a 44500
003 AR-BaBNM
005 20251128202824.0
008 295019s1970 #AR|||||||||||000 | esp||
040 _cAR-BaBNM
100 1 _aHubert, René
245 1 0 _aTratado de pedagogía general
250 _a6ª ed.
260 _aBuenos Aires
_bEl Ateneo
_c1970
300 _a459 p.
490 0 _aBiblioteca nuevas orientaciones de la educación
500 _aAgregados de la sexta edición francesa y supervisión por Alicia Isabel Revello
650 4 _aFILOSOFIA DE LA EDUCACION
650 4 _aSOCIOLOGIA DE LA EDUCACION
650 4 _aPSICOLOGIA DE LA EDUCACION
650 4 _aFINALIDADES DE LA EDUCACION
650 4 _aEDUCACION ESTETICA
650 4 _aENSEÑANZA PROFESIONAL
650 4 _aEDUCACION MORAL
650 4 _aEDUCACION ARTISTICA
650 4 _aEDUCACION RELIGIOSA
650 4 _aEDUCACION FISICA
650 4 _aJUEGOS EDUCATIVOS
650 4 _aMETODOS ACTIVOS
650 4 _aDISCIPLINA ESCOLAR
650 4 _aDOCENTES
650 4 _aFORMACION PROFESIONAL
650 4 _aCOEDUCACION
653 _aPROBLEMAS EDUCATIVOS
653 _aMETODOS EDUCATIVOS
700 1 _aMialaret, Gastón
_erevisión
700 1 _aCastro, Juana
_etraductor
800 1 _aMárquez, Angel Diego
_edirector
942 _cBK
998 _cCarmen
999 _c739
_d739